Environmental protection and coastal zone management in Asia and the pacific

Shranjeno v:
Bibliografske podrobnosti
Format: Knjiga
Jezik:Undetermined
Izdano: [Tokyo] University of Tokyo Press c1985
Teme:
Oznake: Označite
Brez oznak, prvi označite!
Thư viện lưu trữ: Trung tâm Học liệu Trường Đại học Cần Thơ
LEADER 00635nam a2200193Ia 4500
001 CTU_141968
008 210402s9999 xx 000 0 und d
082 |a 363.7394 
082 |b E56 
245 0 |a Environmental protection and coastal zone management in Asia and the pacific 
245 0 |c Edited by Ichiro Kato ... [et al.] 
260 |a [Tokyo] 
260 |b University of Tokyo Press 
260 |c c1985 
650 |a Environmental protection,Coastal zone management 
650 |x Environmental aspects 
650 |z Southeast Asia,Southeast Asia 
904 |i Q. Hieu 
980 |a Trung tâm Học liệu Trường Đại học Cần Thơ